Organizational behavior / (Record no. 4156)

000 -LEADER
fixed length control field 00945pam a2200289 a 4500
001 - CONTROL NUMBER
control field 4432957
005 - DATE AND TIME OF LATEST TRANSACTION
control field 20190524081204.0
008 - FIXED-LENGTH DATA ELEMENTS--GENERAL INFORMATION
fixed length control field 940519s1995 ilua b 001 0 eng
010 ## - LIBRARY OF CONGRESS CONTROL NUMBER
LC control number 94019883
020 ## - INTERNATIONAL STANDARD BOOK NUMBER
International Standard Book Number 0256140561
020 ## - INTERNATIONAL STANDARD BOOK NUMBER
International Standard Book Number 0256175055 (annotated instructor's ed.)
040 ## - CATALOGING SOURCE
Original cataloging agency DLC
Transcribing agency DLC
Modifying agency DLC
050 00 - LIBRARY OF CONGRESS CALL NUMBER
Classification number HD58.7
Item number .K75 1995
082 00 - DEWEY DECIMAL CLASSIFICATION NUMBER
Classification number 658.3
Edition number 3
100 1# - MAIN ENTRY--PERSONAL NAME
Personal name Kreitner, Robert.
Dates associated with a name 1995
245 10 - TITLE STATEMENT
Title Organizational behavior /
Statement of responsibility, etc Robert Kreitner, Angelo Kinicki.
250 ## - EDITION STATEMENT
Edition statement 3rd ed.
260 ## - PUBLICATION, DISTRIBUTION, ETC. (IMPRINT)
Place of publication, distribution, etc Chicago :
Name of publisher, distributor, etc Irwin,
Date of publication, distribution, etc c1995.
300 ## - PHYSICAL DESCRIPTION
Extent xxii, 605 p. :
Other physical details ill. (some col.) ;
Dimensions 27 cm.
504 ## - BIBLIOGRAPHY, ETC. NOTE
Bibliography, etc Includes bibliographical references and indexes.
650 #0 - SUBJECT ADDED ENTRY--TOPICAL TERM
Topical term or geographic name as entry element Organizational behavior.
700 1# - ADDED ENTRY--PERSONAL NAME
Personal name Kinicki, Angelo.
760 ## - MAIN SERIES ENTRY
Edition 3 ed
906 ## - LOCAL DATA ELEMENT F, LDF (RLIN)
a 7
b cbc
c orignew
d 1
e ocip
f 19
g y-gencatlg
942 ## - ADDED ENTRY ELEMENTS (KOHA)
Source of classification or shelving scheme
Item type Book
Holdings
Withdrawn status Lost status Source of classification or shelving scheme Damaged status Not for loan Home library Current library Shelving location Date acquired Total Checkouts Full call number Barcode Date last seen Copy number Price effective from Koha item type
          Riara University Library Riara University Library General stack 24/05/2019   HD58.7 .K75 1995 10245/19 24/05/2019 C.1 24/05/2019 Book

Riara University Library,
P.O. Box 49940-00100,
Nairobi, Kenya.